000
00286nam a22001217a 4500
020
_a
9282888258
082
_a
025.31 GEN
245
_a
General Catalogue of Publications 2000
260
_a
UXEMBOURG
_b
WHITE CHLORINE
_c
2000
300
_a
334P
_b
ill.;24CM
500
_a
INDEX
942
_c
BK
999
_c
19131
_d
19131